Statistics for Geography Mega Generator Puzzle #5

Click here to take the quiz!

General Stats

  • This quiz has been taken 529 times
    (521 since last reset)
  • The average score is 12 of 37

Answer Stats

Answer% Correct
Yemen
76%
Oman
69%
Rome
68%
Italy
60%
Germany
56%
Gabon
50%
Niger
47%
Mali
45%
Angola
44%
Berlin
44%
Togo
44%
Iran
40%
Tonga
36%
Algeria
34%
Bern
32%
Eritrea
32%
Libya
30%
MONTERREY
29%
Romania
29%
Riga
28%
BANGALORE
26%
Gaborone
24%
Gambia
24%
Lima
23%
Malta
23%
Lomé
20%
Mongolia
19%
Armenia
18%
Malé
17%
Niamey
17%
Rabat
15%
Bogotá
14%
Tirana
14%
Manila
7%
Moroni
7%
Malabo
6%
Yaren
6%

Score Distribution

Percentile by Number Answered

Percent of People with Each Score

Your Score History

You have not taken this quiz since the last reset